[Event "Rhein Main op-B 17th"]
[Site "Bad Homburg"]
[Date "2014.06.21"]
[Round "6"]
[White "Yukelson, Tamar"]
[Black "Zannoni, Mila"]
[Result "0-1"]
[WhiteElo "940"]
[BlackElo "1443"]
[PlyCount "38"]
[EventDate "2014.06.18"]
[EventType "swiss"]
[EventRounds "9"]
[EventCountry "GER"]
[SourceTitle "CBM 161 Extra"]
[Source "ChessBase"]
[SourceDate "2014.08.29"]
[SourceVersion "1"]
[SourceVersionDate "2014.08.29"]
[SourceQuality "1"]

1. e4 e6 2. d4 d5 3. exd5 exd5 4. Nf3 Nf6 5. Nc3 Bd6 6. Bg5 c6 7. Bd3 0-0 8. 0-0 Bg4 9. h3 Bh5 10. Re1 Nbd7 11. Be2 h6 12. Bh4 Qc7 13. Ne5 Bxe2 14. Qxe2 Rfe8 15. f4 Qb6 16. Bxf6 Nxf6 17. Rab1 Qxd4+ 18. Kh1 Qxf4 19. Nd3 Qh2# 0-1

[Event "Hessen-ch U12"]
[Site "Bad Homburg"]
[Date "2013.??.??"]
[Round "2"]
[White "Behrendt, Karl"]
[Black "Yukelson, Tamar"]
[Result "1-0"]
[WhiteElo "860"]
[BlackElo "735"]
[PlyCount "97"]
[EventDate "2013.03.??"]
[EventType "swiss"]
[EventRounds "9"]
[EventCountry "GER"]
[SourceTitle "EXT 2014"]
[Source "ChessBase"]
[SourceDate "2013.11.20"]
[SourceVersion "1"]
[SourceVersionDate "2013.11.20"]
[SourceQuality "1"]

1. e4 e5 2. Nf3 Nc6 3. Nc3 Nf6 4. Bb5 d6 5. d3 h6 6. 0-0 Bd7 7. Nd5 Nxd5 8. exd5 Nd4 9. Nxd4 exd4 10. Bxd7+ Qxd7 11. Re1+ Be7 12. Qh5 0-0 13. Qf3 Bf6 14. Bd2 Rfe8 15. Rxe8+ Rxe8 16. c3 dxc3 17. bxc3 Qe7 18. Rb1 Bg5 19. Qd1 Bxd2 20. Qxd2 a6 21. h3 Qe5 22. c4 b5 23. cxb5 axb5 24. Rxb5 Qa1+ 25. Kh2 Re1 26. Rb8+ Kh7 27. Rc8 Qe5+ 28. g3 Re2 29. Qf4 Qb2 30. Qf5+ g6 31. Qxf7+ Qg7 32. Qxg7+ Kxg7 33. Rxc7+ Kf6 34. Kg2 Rxa2 35. Rh7 h5 36. g4 hxg4 37. hxg4 Ra4 38. Kf3 Kg5 39. Rd7 Rf4+ 40. Ke3 Kxg4 41. Rxd6 Rf3+ 42. Ke2 g5 43. Re6 Kh3 44. d6 g4 45. Kf1 g3 46. Rh6+ Kg4 47. d7 Rxf2+ 48. Kg1 g2 49. Kxf2 1-0

[Event "Hessen-ch U12"]
[Site "Bad Homburg"]
[Date "2013.??.??"]
[Round "4"]
[White "Dorn, Noah"]
[Black "Yukelson, Tamar"]
[Result "1/2-1/2"]
[WhiteElo "779"]
[BlackElo "735"]
[PlyCount "83"]
[EventDate "2013.03.??"]
[EventType "swiss"]
[EventRounds "9"]
[EventCountry "GER"]
[SourceTitle "EXT 2014"]
[Source "ChessBase"]
[SourceDate "2013.11.20"]
[SourceVersion "1"]
[SourceVersionDate "2013.11.20"]
[SourceQuality "1"]

1. e4 e5 2. Nf3 Nc6 3. Nc3 Nf6 4. Bc4 Bb4 5. 0-0 Bxc3 6. dxc3 Nxe4 7. Bg5 Nxg5 8. Re1 Nxf3+ 9. Qxf3 0-0 10. Bd3 g6 11. h3 d6 12. Re3 b6 13. Rae1 Bb7 14. R3e2 Nd4 15. Qxb7 Nxe2+ 16. Rxe2 Rb8 17. Qxa7 Qc8 18. Qa4 Re8 19. Qe4 Re6 20. Bc4 Rf6 21. Qg4 Qb7 22. Qg5 Kg7 23. f3 Rf5 24. Qg4 c5 25. Qg3 b5 26. Bd3 c4 27. Bxf5 Qb6+ 28. Kf1 b4 29. cxb4 Qxb4 30. b3 Rb5 31. Re4 Qd2 32. Re2 Qd1+ 33. Re1 Qd5 34. Be4 Qc5 35. a4 Ra5 36. Qf2 Qb4 37. Qe2 d5 38. bxc4 dxe4 39. fxe4 Qxa4 40. Qd3 Rc5 41. Rb1 Rxc4 42. Qb3 1/2-1/2